| 000 | 00595nam a2200241 a 4500 | ||
|---|---|---|---|
| 001 | nice12345678 | ||
| 003 | IN_TiNIC | ||
| 005 | 20260116011431.0 | ||
| 008 | 050524s1958 newa grp 000 0 eng | ||
| 020 |
_a _c100 |
||
| 082 | 0 | 0 |
_a808.042 _bMAR |
| 100 | _aMartin, Harold C | ||
| 245 | _aThelogic and Rhetoric of Exposition | ||
| 260 |
_aNew York _bRinehart and Company, Inc _c1958 |
||
| 300 | _a204p | ||
| 500 | _aincludes index and biblioraphy | ||
| 505 | 2 | _aIndex | |
| 650 | _aRhetoric-English | ||
| 700 | 1 | _aMartin, Harold C | |
| 902 | _bSRS | ||
| 942 | _cBK | ||
| 999 |
_c1494 _d1494 |
||